Geriattract : attractivité de la spécialité gériatrie auprès des étudiants en médecine - Une enquête prospective (notice n° 1917012)
[ vue normale ]
| 000 -LEADER | |
|---|---|
| fixed length control field | 00926cam a2200229 4500500 |
| 005 - DATE AND TIME OF LATEST TRANSACTION | |
| control field | 20260329022022.0 |
| 041 ## - LANGUAGE CODE | |
| Language code of text/sound track or separate title | fre |
| 042 ## - AUTHENTICATION CODE | |
| Authentication code | dc |
| 100 10 - MAIN ENTRY--PERSONAL NAME | |
| Personal name | Bretelle, Fanny |
| Relator term | author |
| 245 00 - TITLE STATEMENT | |
| Title | Geriattract : attractivité de la spécialité gériatrie auprès des étudiants en médecine - Une enquête prospective |
| 260 ## - PUBLICATION, DISTRIBUTION, ETC. | |
| Date of publication, distribution, etc. | 2025.<br/> |
| 500 ## - GENERAL NOTE | |
| General note | 7 |
| 700 10 - ADDED ENTRY--PERSONAL NAME | |
| Personal name | Couderc, Anne-Laure |
| Relator term | author |
| 700 10 - ADDED ENTRY--PERSONAL NAME | |
| Personal name | Arcani, Robin |
| Relator term | author |
| 700 10 - ADDED ENTRY--PERSONAL NAME | |
| Personal name | Garnier-Crussard, Antoine |
| Relator term | author |
| 700 10 - ADDED ENTRY--PERSONAL NAME | |
| Personal name | Bernard, Fanny |
| Relator term | author |
| 700 10 - ADDED ENTRY--PERSONAL NAME | |
| Personal name | Daumas, Aurelie |
| Relator term | author |
| 700 10 - ADDED ENTRY--PERSONAL NAME | |
| Personal name | Villani, Patrick |
| Relator term | author |
| 700 10 - ADDED ENTRY--PERSONAL NAME | |
| Personal name | Bonin-Guillaume, Sylvie |
| Relator term | author |
| 786 0# - DATA SOURCE ENTRY | |
| Note | Gériatrie et Psychologie Neuropsychiatrie du Vieillissement | 23 | 1 | 2025-04-15 | p. 50-65 | 2115-8789 |
| 856 41 - ELECTRONIC LOCATION AND ACCESS | |
| Uniform Resource Identifier | <a href="https://stm.cairn.info/revue-geriatrie-et-psychologie-neuropsychiatrie-du-vieillissement-2025-1-page-50?lang=fr&redirect-ssocas=7080">https://stm.cairn.info/revue-geriatrie-et-psychologie-neuropsychiatrie-du-vieillissement-2025-1-page-50?lang=fr&redirect-ssocas=7080</a> |
Pas d'exemplaire disponible.




Réseaux sociaux